000 02089nam a2200385 i 4500
003 CO-BoRNBP
005 20230705221734.0
007 ta
008 211118s2019 ck ||||| l|||f00| 0dspa d
020 _a9788413135243
040 _aCO-BoRNBP
_bspa
_erda
_cCO-BoRNBP
041 _aspa
043 _as-ck---
082 0 4 _a348.024
_bS15m
_222
100 1 _aSánchez Sánchez, Raúl Eduardo
_eautor
_9216263
245 1 0 _aMarco normativo de la Jurisdicción Especial para la Paz (JEP)
_c[autor] y director Raúl Eduardo Sánchez Sánchez ; [autores] y editores Carlos Guillermo Castro Cuenca ... [y otros tres]
264 1 _aBogotá, Colombia
_bTirant Lo Blanch
_c2019
300 _a596 páginas
_b17 cm
336 _atexto
_btxt
_2rdacontent
337 _asin mediación
_bn
_2rdamedia
338 _avolumen
_bnc
_2rdacarrier
490 0 _aTextos legales Colombia
500 _aIncluye índice de citas
505 0 0 _tAcuerdo Final Gobierno de Colombia FARC-EP
_tActos legislativos 01 y 02 de 2017
_tLey 1957. Estatutaria de la administración de justicia en la Jurisdicción Especial para la Paz
_tLey 1820 de 2015
_tLey 1922 de 2018
_tDecreto 1753 de 2016
_tDecreto 277 de 2017
_tDecreto 700 de 2017
_tDecreto 706 de 2017
_tDecreto 775 de 2017
_tDecreto 900 de 2017
_tDecreto 903 de 2017
_tDecreto 1252 de 2017
_tDecreto 1269 de 2017
_tDecreto 2199 de 2017
_tDecreto 522 de 2018
_tAcuerdo No. 001 de 2018 Reglamento General de la Jurisdicción Especial para la Paz
521 _aRecomendado para público adulto
545 _aIncluye datos biográficos de los autores al inicio del texto
610 1 1 _aColombia
_bJurisdicción Especial para la Paz
_xLegislación
_9152837
650 1 7 _aProcesos de paz
_xLegislación
_zColombia
_2LEMB
_9152661
650 1 7 _aAcuerdos de paz
_xLegislación
_zColombia
_2LEMB
_9152662
700 1 _aCastro Cuenca, Carlos Guillermo
_eautor
_eeditor
_9216264
700 1 _aFonseca Sánchez, Crlos
_eautor
_eeditor
_9216265
700 1 _aMedina Rico, Ricardo Hernán
_eautor
_eeditor
_9216266
700 1 _aSalazar Medina, William Javier
_eautor
_eeditor
_9216267
942 _2ddc
_cBK
999 _c4064
_d4064